[Event "TePe Sigeman Co 2022"]
[Site "Malmo"]
[Date "2022.05.04"]
[Round "2.2"]
[White "Adams, Michael"]
[Black "Grandelius, Nils"]
[Result "1/2-1/2"]
[WhiteElo "2698"]
[BlackElo "2635"]
[Annotator "TA"]
[PlyCount "81"]
[EventDate "2022.05.03"]
[EventType "tourn"]
[EventCountry "SWE"]
[SourceTitle "playchess.com"]
[Source "ChessBase"]
[SourceQuality "1"]

{[%evp 17,81,8,17,12,18,12,25,9,11,10,25,13,21,0,0,0,9,6,47,0,0,0,0,0,0,-17,-12,-15,-8,-12,-10,-30,-39,-38,-31,-43,-43,-44,0,-4,0,0,0,0,4,4,2,0,6,1,4,0,0,0,6,0,0,0,0,0,0,0,0,0,0,0]} 1. e4 {[%emt 0:00:01]} c5 {[%emt 0:00:11]} 2. Nf3 {[%emt 0:00:06]} d6 {[%emt 0:00:07]} 3. d4 {[%emt 0:00:05]} cxd4 {[%emt 0:00:06]} 4. Nxd4 {[%emt 0:00:04]} Nf6 {[%emt 0:00:06]} 5. Nc3 {[%emt 0:00:05]} a6 {[%emt 0:01:04]} 6. Be2 {[%emt 0:00:11]} e5 {[%emt 0:00:36]} 7. Nb3 {[%emt 0:00:07]} Be7 {[%emt 0:00:49]} 8. O-O {[%emt 0:00:12]} O-O {[%emt 0:00:51]} 9. Be3 {[%emt 0:00:38]} Be6 {[%emt 0:01:15]} 10. Re1 {[%emt 0:00:30] Recently 10.Qd3 got a lot of attention. B92: Sicilian Najdorf: 6 Be2.} Nbd7 {[%emt 0:04:25]} 11. a4 {[%emt 0:00:47]} Rc8 {[%emt 0:08:14][%cal Oc8c3,Ba8c8,Bc8c4,Bc4b4][%mdl 32]} 12. Bf3 {[%emt 0:01:11] White has an edge.} Nb6 {[%emt 0:11:21]} 13. Nd2 {[%emt 0:01:00]} Nc4 {[%emt 0:04:24]} 14. Nxc4 {[%emt 0:00:13]} Rxc4 {[%emt 0:00:03]} 15. a5 {[%emt 0:05:39]} (15. Be2 $5 {[%cal Re2c4]}) 15... Qc7 {[%emt 0:04:55]} 16. Bb6 {[%emt 0:14:33] [#]} Qc8 $146 {[%emt 0:02:47]} ({Predecessor:} 16... Qd7 17. Nd5 Bxd5 18. exd5 Rb4 19. b3 Rxb6 20. axb6 Bd8 21. Qd3 Bxb6 22. b4 Qc7 {½-½ (54) Alekseenko,K (2590)-Kokarev,D (2615) Khanty-Mansiysk 2017}) 17. Re2 {[%emt 0:06:32]} h6 {[%emt 0:08:07]} 18. Rd2 {[%emt 0:07:48]} (18. Na4 $14 {might be stronger.}) 18... Rb4 $11 {[%emt 0:04:59]} 19. Rb1 {[%emt 0:07:24]} Nd7 {[%emt 0:11:44]} 20. Be3 {[%emt 0:00:23]} Nf6 {[%emt 0:03:57]} 21. h3 {[%emt 0:03:24]} Bd8 {[%emt 0:02:46]} 22. Rxd6 {[%emt 0:12:18][%cal Ob2b3]} Bxa5 {[%emt 0:00:11]} 23. Bd2 {[%emt 0:07:57]} Rc4 {[%emt 0:03:04][%cal Ra5c3]} 24. Rc1 {[%emt 0:08:39]} Bxc3 {[%emt 0:06:45]} (24... Qc7 {looks sharper.} 25. Rd3 Rc8 26. Qe1 Bb4) 25. Bxc3 {[%emt 0:00:12]} Nxe4 {[%emt 0:00:07]} 26. Bxe4 {[%emt 0:00:18]} Rxe4 {[%emt 0:00:02]} 27. Qd3 {[%emt 0:05:52]} Qc4 {[%emt 0:03:23]} 28. Rb6 {[%emt 0:02:37][%cal Bd6b6,Bb6b7,Bb7a7,Ba7c7,Bc7c4][%mdl 32] The position is equal.} Qxd3 {[%emt 0:08:53]} 29. cxd3 {[%emt 0:00:05]} Ra4 {[%emt 0:00:10]} 30. Rxb7 {[%emt 0:02:47]} Rd8 {[%emt 0:00:42]} 31. Bxe5 {[%emt 0:03:48]} Rxd3 {[%emt 0:00:07]} 32. Re1 {[%emt 0:01:20]} Bd5 {[%emt 0:05:34]} 33. Ra7 {[%emt 0:01:50]} Bc6 {[%emt 0:02:42]} 34. Rc7 {[%emt 0:04:32]} Re4 {[%emt 0:00:39]} 35. Rxe4 {[%emt 0:00:37]} Bxe4 {[%emt 0:00:02][%mdl 4096] Endgame KRB-KRB} 36. Rc4 {[%emt 0:00:13]} Bf5 {[%emt 0:02:22]} 37. Ra4 {[%emt 0:01:57]} Rd5 {[%emt 0:00:31]} 38. Bc3 {[%emt 0:00:16]} Bc8 {[%emt 0:00:34]} 39. Kh2 {[%emt 0:01:14]} h5 {[%emt 0:00:30]} 40. Rd4 {[%emt 0:00:14]} Rxd4 {[%emt 0:00:05]} 41. Bxd4 {[%emt 0:00:03] Weighted Error Value: White=0.04 (flawless) /Black=0.04 (flawless)} 1/2-1/2

[Event "TePe Sigeman Co 2022"]
[Site "Malmo"]
[Date "2022.05.04"]
[Round "2.3"]
[White "Navara, David"]
[Black "Niemann, Hans Moke"]
[Result "1/2-1/2"]
[WhiteElo "2682"]
[BlackElo "2656"]
[Annotator "TA"]
[PlyCount "80"]
[EventDate "2022.05.03"]
[EventType "tourn"]
[EventCountry "SWE"]
[SourceTitle "playchess.com"]
[Source "ChessBase"]
[SourceQuality "1"]

{[%evp 13,80,53,37,15,22,12,19,9,13,19,16,20,125,130,143,145,136,139,144,145,114,98,80,80,110,59,66,61,64,0,0,0,14,21,23,23,31,0,0,14,0,16,33,48,106,0,0,0,93,9,18,14,8,17,8,0,0,0,0,0,0,0,0,0,0,0,0,0,0]} 1. e4 {[%emt 0:00:01]} e5 {[%emt 0:01:48]} 2. Nf3 {[%emt 0:00:08]} Nc6 {[%emt 0:00:17]} 3. Bc4 {[%emt 0:00:07]} Nf6 {[%emt 0:00:48]} 4. d3 {[%emt 0:00:05]} Bc5 {[%emt 0:01:42]} 5. c3 {[%emt 0:00:10]} O-O {[%emt 0:02:52]} 6. O-O {[%emt 0:00:11]} d5 {[%emt 0:06:58]} 7. exd5 {[%emt 0:00:15]} Nxd5 {[%emt 0:00:06]} 8. a4 {[%emt 0:00:21] C54: Giuoco Piano: 4 c3 Nf6, main lines with 5 d4 and 5 d3.} a5 {[%emt 0:00:43]} 9. Re1 {[%emt 0:00:32]} Bg4 {[%emt 0:00:11]} 10. Nbd2 {[%emt 0:00:44]} Nb6 {[%emt 0:00:52]} 11. Bb5 {[%emt 0:00:25]} Bd6 {[%emt 0:00:23]} 12. Ne4 {[%emt 0:00:10] [#]} f5 $146 {[%emt 0:01:37]} (12... Na7 $11 {remains equal.}) ({Predecessor:} 12... Na7 13. h3 Bh5 14. d4 Nxb5 15. axb5 exd4 16. Nxd6 Qxd6 17. Qxd4 Bxf3 18. Qxd6 cxd6 19. gxf3 {½-½ (32) Duda,J (2756)-Shirov,A (2673) Terme Catez 2021}) 13. Qb3+ $16 {[%emt 0:02:09]} Kh8 {[%emt 0:00:15]} 14. Nxd6 {[%emt 0:00:08]} cxd6 {[%emt 0:09:55]} 15. Ng5 {[%emt 0:00:25] Strongly threatening Ne6.} Qc7 {[%emt 0:04:29]} 16. Ne6 {[%emt 0:32:19]} Qf7 {[%emt 0:00:28]} 17. Ra3 {[%emt 0:00:50]} Rfc8 {[%emt 0:03:19]} 18. Be3 {[%emt 0:14:18]} Nd7 {[%emt 0:00:33]} 19. Bc4 {[%emt 0:01:38]} (19. Ng5 $1 $16 {[%cal Rg5f7]} Qxb3 20. Rxb3) 19... Qe7 $14 {[%emt 0:03:11] White must now prevent ...f4.} 20. f3 {[%emt 0:05:53]} (20. Qxb7 $2 f4 21. Nc7 fxe3 $1 $19) 20... Bh5 {[%emt 0:00:44]} 21. Qxb7 {[%emt 0:01:25] 0x0.00289cd256f1dp-1022s more active pieces.} (21. Bg5 $14 Qe8 22. Raa1 (22. Qxb7 $2 Rab8 $19)) 21... f4 {[%emt 0:26:14] ...Rab8 is the strong threat.} (21... Rab8 $5 22. Qa6 Bf7 $11) 22. Bf2 {[%emt 0:01:16]} Rab8 {[%emt 0:00:18]} (22... Bxf3 $5 23. gxf3 Rab8 $14) 23. Qa6 {[%emt 0:00:10][%cal Oe6f4]} Ra8 {[%emt 0:00:38]} 24. Qb5 {[%emt 0:01:24][%cal Oe6f4] And now Nxf4! would win.} Rab8 {[%emt 0:02:06] [#]} 25. Nxf4 $1 {[%emt 0:02:58]} Rxb5 {[%emt 0:10:11]} 26. axb5 {[%emt 0:00:16]} Bxf3 {[%emt 0:00:07]} 27. gxf3 {[%emt 0:00:40]} Nd8 {[%emt 0:01:03]} 28. Rxa5 {[%emt 0:02:49] aiming for Ra7.} Nf7 {[%emt 0:01:37]} (28... Qf6 $1 $14 29. Ra7 Nf8) 29. Ra7 {[%emt 0:07:52]} (29. b6 $16) 29... Ng5 $11 {[%emt 0:02:46]} 30. Bd5 {[%emt 0:01:03] Threatens to win with h4.} Rf8 {[%emt 0:04:20] [#]} (30... Qf6 $1 $11 31. Rxd7 Qxf4) 31. h4 {[%emt 0:05:36]} ({White should play} 31. Kh1 $1 $16) 31... Nxf3+ {[%emt 0:01:26] The position is equal.} 32. Bxf3 {[%emt 0:00:09] The board is on fire. A strong pair of Bishops.} Qf7 {[%emt 0:00:38][%mdl 64] [#] Pin} 33. Re4 {[%emt 0:10:19][%cal Of3g4] Hoping for Bg4!} d5 $1 {[%emt 0:01:00]} 34. Rea4 {[%emt 0:02:25]} (34. Rxd7 $5 Qxd7 35. Rxe5 Rxf4 36. Rxd5 $14) 34... e4 {[%emt 0:02:21]} 35. Rxd7 {[%emt 0:04:46]} Qxf4 {[%emt 0:00:52][%mdl 64] Pin} 36. Bd4 {[%emt 0:01:27][%cal Od7g7]} Qc1+ {[%emt 0:02:57]} 37. Kh2 {[%emt 0:00:12][%cal Od7g7]} Qf4+ {[%emt 0:00:05]} 38. Kg1 {[%emt 0:00:11][%cal Od7g7]} Qc1+ {[%emt 0:02:29]} 39. Kh2 {[%emt 0:00:08][%cal Od7g7]} Qf4+ {[%emt 0:00:07]} 40. Kg1 {[%emt 0:00:07][%cal Od7g7]} Qc1+ {[%emt 0:00:54] White really could win this.  Weighted Error Value: White=0.13 (very precise) /Black=0.14 (very precise)} 1/2-1/2

[Event "TePe Sigeman Co 2022"]
[Site "Malmo"]
[Date "2022.05.04"]
[Round "2.4"]
[White "Erigaisi Arjun"]
[Black "Salem, A.R. Saleh"]
[Result "1-0"]
[WhiteElo "2675"]
[BlackElo "2690"]
[Annotator "TA"]
[PlyCount "115"]
[EventDate "2022.05.03"]
[EventType "tourn"]
[EventCountry "SWE"]
[SourceTitle "playchess.com"]
[Source "ChessBase"]
[SourceQuality "1"]

{[%evp 9,115,14,20,19,31,8,41,48,28,15,2,0,0,0,0,0,0,-20,0,-10,28,32,28,28,35,31,29,29,46,37,69,56,88,83,108,103,172,177,185,183,274,246,234,170,155,168,160,159,177,125,122,104,206,87,216,188,245,209,204,239,340,333,450,440,446,428,426,277,270,284,275,236,243,255,241,256,249,243,239,226,226,226,226,226,230,230,229,218,239,231,247,257,263,251,269,242,370,364,406,409,408,407,352,341,623,618,594,525]} 1. e4 {[%emt 0:03:02]} c6 {[%emt 0:00:16]} 2. d4 {[%emt 0:00:05]} d5 {[%emt 0:00:05]} 3. f3 {[%emt 0:00:05]} dxe4 {[%emt 0:00:56]} 4. fxe4 {[%emt 0:00:09]} e5 {[%emt 0:00:04]} 5. Nf3 {[%emt 0:00:05]} Bg4 {[%emt 0:00:30]} 6. c3 {[%emt 0:00:27] B12: Caro-Kann: Advance Variation.} Nd7 {[%emt 0:00:17]} 7. Bd3 {[%emt 0:00:09]} Ngf6 {[%emt 0:00:43]} 8. O-O {[%emt 0:00:08] White is slightly better.} Bd6 {[%emt 0:01:29]} 9. Kh1 $5 {[%emt 0:00:21][%mdl 4] A promising side line.} O-O {[%emt 0:00:39]} 10. Bg5 {[%emt 0:00:06]} h6 {[%emt 0:03:50]} 11. Bh4 {[%emt 0:00:06] [#]} Qc7 $146 {[%emt 0:02:09]} ({Predecessor:} 11... c5 12. d5 g5 13. Bf2 c4 14. Bc2 Bh5 15. Qe1 Bxf3 16. gxf3 Bc5 17. Nd2 Qc7 {0-1 (65) Amanov,Z (2392)-Kovalev,D (2451) Alushta 2009}) 12. Nbd2 {[%emt 0:00:22]} b5 {[%emt 0:00:59] Inhibits Nc4.} 13. Rc1 {[%emt 0:00:07]} a6 {[%emt 0:01:42]} 14. a4 {[%emt 0:00:06]} Nh5 {[%emt 0:07:58]} 15. h3 {[%emt 0:09:18]} Nf4 {[%emt 0:00:29]} 16. Bb1 {[%emt 0:00:07]} Bxf3 {[%emt 0:20:37]} 17. Rxf3 {[%emt 0:10:54]} Ng6 {[%emt 0:03:25]} 18. Bf2 {[%emt 0:01:03]} c5 {[%emt 0:00:15]} 19. Nf1 {[%emt 0:04:11]} c4 {[%emt 0:06:04]} 20. Ne3 {[%emt 0:01:13]} Rad8 {[%emt 0:05:32]} 21. Qc2 {[%emt 0:06:21]} Rfe8 {[%emt 0:12:15]} 22. Rf1 {[%emt 0:04:08]} (22. Nd5 Qc6 $14) 22... Ndf8 {[%emt 0:00:12]} (22... Be7 $16) 23. Nd5 $18 {[%emt 0:02:10]} Qc8 {[%emt 0:22:08]} 24. Be3 {[%emt 0:05:05]} Nh8 {[%emt 0:05:21]} (24... Ne6 $142 25. Rxf7 Rf8) 25. axb5 {[%emt 0:01:01]} axb5 {[%emt 0:01:26]} 26. b3 {[%emt 0:05:35]} Bb8 {[%emt 0:03:00]} 27. bxc4 {[%emt 0:00:55]} bxc4 {[%emt 0:00:36]} 28. Qf2 $40 {[%emt 0:09:01][%cal Oe3h6][%mdl 128] Black is in trouble. 0x0.000237be6888dp-1022s more active pieces.} Qb7 {[%emt 0:01:00] [#]} 29. Qh4 {[%emt 0:03:57]} ({Only move:} 29. Qe2 $1 $18) 29... Nfg6 $16 {[%emt 0:00:50]} 30. Qg4 {[%emt 0:01:15]} Qc6 {[%emt 0:00:13]} (30... Qd7 $16 {keeps fighting.}) 31. Nb4 {[%emt 0:19:52]} (31. Bxh6 $18 {[%cal Of3f7] Hoping for Rxf7!} exd4 {[#]} 32. cxd4 $1 gxh6 33. Nf6+ Kf8 34. Nxe8 (34. e5 Bxe5 35. dxe5 Rxe5 $18) 34... Kxe8 35. e5) 31... Qd6 {[%emt 0:00:46] This move loses the game for Black.} (31... Qc8 $16) 32. d5 $18 {[%emt 0:00:13]} Bc7 {[%emt 0:00:22]} (32... Nf4 $142 33. Nc6 (33. Bxf4 exf4 34. Nc6 Ng6 $16) (33. Rg3 Nhg6 $16) 33... h5) 33. Ba2 {[%emt 0:00:44][%cal Bb1a2,Ba2c4,Bc4b3][%mdl 32]} Nf4 {[%emt 0:00:41]} 34. Bxc4 {[%emt 0:01:06]} (34. Bxf4 $6 exf4 35. Nc6 (35. Rxf4 $2 Ng6 $19) (35. Bxc4 Rxe4 36. Bd3 Re3 $11) 35... Ra8 36. Bxc4 Ng6 $14) 34... Nhg6 {[%emt 0:00:32]} (34... Ra8 {was necessary.} 35. Nd3 (35. Bxf4 exf4 36. Nc6 Ng6 $16) (35. Rg3 Nhg6 $16) 35... Qg6 36. Qxg6 (36. Nxf4 exf4 37. Bxf4 Qxg4 $16) (36. Bxf4 Qxg4 37. hxg4 exf4 $18) 36... Nhxg6) 35. Nc6 {[%emt 0:00:13]} Ra8 {[%emt 0:00:09]} 36. g3 {[%emt 0:02:21]} Ra4 {[%emt 0:00:34]} 37. Bb3 {[%emt 0:01:04] This bishop pair is nice.} (37. Bxf4 exf4 38. e5 (38. Bd3 fxg3 39. Rxf7 Ra2 $15) 38... Rxe5 39. Qc8+ (39. Nxe5 Nxe5 40. Qc8+ Bd8 $15) (39. gxf4 Re4 $17) 39... Kh7 40. Nxe5 fxg3 41. Rxf7 (41. Bb3 $2 Qxe5 42. Qxc7 Qxc7 $19) 41... Qxe5 42. Qxc7 (42. Rxc7 Qe4+ 43. Kg1 Qe3+ 44. Kh1 g2+ 45. Kh2 gxf1=N+ 46. Bxf1 Qf2+ 47. Bg2 Qf4+ 48. Kh1 Ra1+) 42... Qe4+ 43. Kg1 Qe3+ 44. Kh1 Qe4+ 45. R1f3 (45. Kg1 Qe3+ 46. Kh1 Qe4+ $11) 45... Ra1+ 46. Kg2 Nh4+ 47. Kxg3 Rg1+ 48. Kh2 Qxf3 49. Bd3+ Kg8 50. Qc8+ Kxf7 $11) (37. gxf4 Rxc4 38. f5 Nf4 $16) 37... Rxe4 {[%emt 0:00:47]} 38. Qf5 {[%emt 0:01:49]} (38. gxf4 exf4 39. Bg1 Ne5 40. Nxe5 Qxe5 $18) 38... Rxe3 {[%emt 0:00:30]} 39. Rxe3 {[%emt 0:00:05]} Qc5 {[%emt 0:00:26]} 40. Rfe1 {[%emt 0:02:55]} Nxd5 {[%emt 0:00:35] [#]} 41. Qd7 {[%emt 0:00:04][%mdl 512] Really sharp!} Re6 {[%emt 0:06:57]} 42. Qxd5 {[%emt 0:01:50]} ({Don't do} 42. Bxd5 $6 Nf8 43. Qxc7 (43. Bxe6 Nxd7 44. Bxd7 Qd5+ 45. Kh2 Qxd7 $11) 43... Qxd5+ 44. Kh2 Rxc6 45. Qxe5 Qxe5 46. Rxe5 Rxc3) 42... Qxc6 {[%emt 0:01:10]} 43. Qxc6 {[%emt 0:00:26]} Rxc6 {[%emt 0:00:02]} 44. Rf1 {[%emt 0:02:53]} Rf6 {[%emt 0:15:43]} 45. Rxf6 {[%emt 0:01:04]} gxf6 {[%emt 0:00:02][%mdl 4096] Endgame KRB-KBN} 46. Rd3 {[%emt 0:00:09] And now Rd7 would win.} Nf8 {[%emt 0:00:06] Inhibits Rd7.} 47. g4 {[%emt 0:00:28]} Kg7 {[%emt 0:00:28]} 48. Bd5 {[%emt 0:04:12]} Bb6 {[%emt 0:01:19]} 49. c4 {[%emt 0:00:28] Black must now prevent Rb3.} Ng6 {[%emt 0:02:59]} 50. Rb3 {[%emt 0:00:30]} Bd4 {[%emt 0:00:01]} 51. Rb7 {[%emt 0:03:01] Prevents Ne7.} Nf4 {[%emt 0:00:17]} 52. Kh2 {[%emt 0:01:14]} Kg6 {[%emt 0:03:54]} (52... h5 $142 53. Rxf7+ Kg6) 53. Kg3 {[%emt 0:01:33]} Ne2+ {[%emt 0:00:37]} 54. Kf3 {[%emt 0:00:06]} Ng1+ {[%emt 0:00:01]} 55. Kg2 {[%emt 0:00:08]} Ne2 {[%emt 0:00:02]} 56. h4 {[%emt 0:00:53]} ({Don't play} 56. Bxf7+ Kg5 57. Rb5 Nc3 $18) 56... h5 $2 {[%emt 0:03:01]} (56... f5 57. gxf5+ Kxf5 58. Rxf7+ Kg6) 57. Bxf7+ {[%emt 0:01:06]} Kh6 {[%emt 0:00:05]} 58. Bd5 {[%emt 0:01:09] Weighted Error Value: White=0.11 (very precise) /Black=0.27 (precise)} 1-0

[Event "TePe Sigeman Co 2022"]
[Site "Malmo"]
[Date "2022.05.05"]
[Round "3.1"]
[White "Salem, A.R. Saleh"]
[Black "Shirov, Alexei"]
[Result "1/2-1/2"]
[WhiteElo "2690"]
[BlackElo "2695"]
[Annotator "TA"]
[PlyCount "121"]
[EventDate "2022.05.03"]
[EventType "tourn"]
[EventCountry "SWE"]
[SourceTitle "playchess.com"]
[Source "ChessBase"]
[SourceQuality "1"]

{[%evp 21,121,18,21,15,21,25,22,28,55,52,58,23,39,23,18,16,26,23,27,24,54,19,43,39,31,12,9,-25,-27,-29,-8,-42,0,0,13,11,11,13,22,18,18,15,15,15,14,14,20,28,28,19,16,21,56,35,56,50,50,14,56,56,56,56,56,56,56,56,56,0,56,56,56,56,50,50,50,50,56,56,56,56,56,56,56,56,56,56,56,50,56,56,56,15,15,14,14,14,14,14,14,14,14,14]} 1. d4 {[%emt 0:00:02]} d5 {[%emt 0:00:29]} 2. c4 {[%emt 0:00:09]} c6 {[%emt 0:00:04]} 3. Nf3 {[%emt 0:00:05]} Nf6 {[%emt 0:00:04]} 4. g3 {[%emt 0:00:06]} g6 {[%emt 0:02:52]} 5. Bg2 {[%emt 0:00:24]} Bg7 {[%emt 0:00:04]} 6. cxd5 {[%emt 0:00:17]} cxd5 {[%emt 0:00:04]} 7. Nc3 {[%emt 0:00:05]} O-O {[%emt 0:02:08]} 8. Ne5 {[%emt 0:00:23]} e6 {[%emt 0:03:09]} 9. O-O {[%emt 0:00:31]} Nfd7 {[%emt 0:00:12]} 10. Nf3 {[%emt 0:00:20]} Nc6 {[%emt 0:03:11]} 11. Bf4 {[%emt 0:00:20]} Qb6 {[%emt 0:12:36][%csl LRb2,LRd4]} 12. Na4 {[%emt 0:00:41] D79: Fianchetto Grünfeld: Symmetrical Variation (6 0-0 c6 7 cxd5 cxd5).} Qa6 {[%emt 0:00:30] [#]} 13. e3 $146 {[%emt 0:00:48]} ({Predecessor:} 13. Rc1 b5 14. Nc5 Nxc5 15. Rxc5 Bd7 16. a3 b4 17. a4 Rfc8 18. b3 Na5 19. Ne5 Be8 {0-1 (44) Ibarra Jerez,J (2558)-Oparin,G (2654) Chess.com INT 2021}) 13... b5 {[%emt 0:08:38]} 14. Nc3 {[%emt 0:00:17]} Bb7 {[%emt 0:00:04]} 15. a4 {[%emt 0:07:11]} bxa4 {[%emt 0:03:07]} 16. Nxa4 {[%emt 0:02:56] [#] Strongly threatening Nc5.} Qb5 {[%emt 0:09:40] Against Nc5} 17. h4 {[%emt 0:22:20][%cal Bh2h4,Bh4h5][%mdl 32]} Rfc8 {[%emt 0:00:43]} 18. Re1 {[%emt 0:18:32]} Na5 {[%emt 0:06:55]} 19. Bf1 {[%emt 0:12:30]} Qb4 {[%emt 0:02:42]} 20. h5 {[%emt 0:02:24]} Bc6 {[%emt 0:06:08]} 21. Ra2 {[%emt 0:14:04]} (21. Qd2 $5 {[%cal Rd2b4]} Bf8 22. Nc5 Qxd2 23. Nxd2 Nxc5 24. dxc5 (24. Rxa5 Nd7 $11) 24... Bxc5 25. Rxa5 $14) 21... Nb3 {[%emt 0:02:24]} 22. Nc3 {[%emt 0:00:10] Hoping for Ra6.} a5 $1 {[%emt 0:00:10]} 23. hxg6 {[%emt 0:01:57]} hxg6 {[%emt 0:00:08]} 24. Ng5 {[%emt 0:00:48]} a4 {[%emt 0:09:31]} 25. Bh3 {[%emt 0:05:43][%cal Og5e6]} Nf8 {[%emt 0:02:50]} 26. Re2 {[%emt 0:05:36][%cal Be1e2,Be2b2,Bb2b3,Bb3c3][%mdl 32]} Bd7 {[%emt 0:05:43]} 27. Nf3 $1 {[%emt 0:02:18]} a3 {[%emt 0:07:31] ...Ba4 is the strong threat.} 28. Bf1 {[%emt 0:00:29]} axb2 {[%emt 0:06:02]} (28... f6 {is more complex.} 29. Rc2 axb2 30. Rxa8 Rxa8 31. Rxb2 Qxc3 32. Qxb3 Qxb3 33. Rxb3 g5) 29. Rxa8 {[%emt 0:00:06]} Rxa8 {[%emt 0:00:09] [#]} 30. Rxb2 $1 {[%emt 0:00:07]} Qxc3 {[%emt 0:00:04]} 31. Rxb3 {[%emt 0:00:48]} Ba4 {[%emt 0:00:27]} 32. Rxc3 {[%emt 0:00:14]} Bxd1 {[%emt 0:00:05]} 33. Kg2 {[%emt 0:00:37]} Bxf3+ {[%emt 0:00:55]} 34. Kxf3 {[%emt 0:00:02]} Nd7 {[%emt 0:00:08]} 35. Bb5 {[%emt 0:01:24]} Nf6 {[%emt 0:00:57]} 36. Bd3 {[%emt 0:00:06]} Ra2 {[%emt 0:01:33][%cal Of6e4]} 37. g4 {[%emt 0:01:33]} Ne4 {[%emt 0:01:07]} 38. Bxe4 {[%emt 0:00:55]} dxe4+ $14 {[%emt 0:00:07][%mdl 4096] Endgame KRB-KRB} 39. Kg3 {[%emt 0:01:05]} Ra8 {[%emt 0:01:36] Prevents Rc8+.} 40. g5 {[%emt 0:00:17]} Rd8 $1 {[%emt 0:00:14]} 41. Kg4 {[%emt 0:09:51]} Rd5 {[%emt 0:00:27]} 42. Rc8+ {[%emt 0:00:07]} Kh7 {[%emt 0:00:05]} 43. Rc7 {[%emt 0:01:32]} Kg8 {[%emt 0:00:05]} 44. Rc8+ {[%emt 0:04:28]} Kh7 {[%emt 0:00:06]} 45. Re8 {[%emt 0:00:03]} Rf5 {[%emt 0:02:19]} 46. Kg3 {[%emt 0:03:33]} Rd5 {[%emt 0:01:12]} 47. Kh3 {[%emt 0:00:32]} Rb5 {[%emt 0:00:32]} 48. Kh4 {[%emt 0:00:20]} Rb2 {[%emt 0:01:26]} 49. Bg3 {[%emt 0:00:48]} Rb5 {[%emt 0:00:07]} 50. Rc8 {[%emt 0:01:30]} Rf5 {[%emt 0:01:49]} 51. Kg4 {[%emt 0:00:07]} Rd5 {[%emt 0:02:04]} 52. Rc5 {[%emt 0:00:29]} Rf5 {[%emt 0:01:22]} 53. Bf4 {[%emt 0:00:33]} Kg8 {[%emt 0:01:27]} 54. Rc4 {[%emt 0:02:06]} Kh7 {[%emt 0:01:00]} 55. Rc7 {[%emt 0:00:45]} Kg8 {[%emt 0:00:22]} 56. Rc2 {[%emt 0:00:19]} e5 {[%emt 0:04:50] The position is equal.} 57. dxe5 {[%emt 0:00:59]} Bxe5 {[%emt 0:00:05]} 58. Rc5 {[%emt 0:07:31]} Bxf4 {[%emt 0:00:31]} 59. Rxf5 {[%emt 0:00:06]} Bxe3 {[%emt 0:00:05]} 60. Rf6 {[%emt 0:02:04]} Bd2 {[%emt 0:01:48]} 61. Rd6 {[%emt 0:02:01] Weighted Error Value: White=0.07 (flawless) /Black=0.05 (flawless)} 1/2-1/2